Докладная записка наркома внутренних дел СССР Л. П. Берии И. В. Сталину о систематическом невыполнении заводами Наркомата вооруж...

RUSMARC
00004262cbm0a2200277#x 450
00138b12fe0-c3cd-4e2d-b97d-e73c674c08b3
00520210810105034.0
100##$a20210810j19391105k###0rusy50 ca
1010#$arus
102##$aRU
1220#$ad19391105##
2001#$aДокладная записка наркома внутренних дел СССР Л. П. Берии И. В. Сталину о систематическом невыполнении заводами Наркомата вооружения СССР программы по выпуску винтовочных патронов, пулеметов и винтовок
$j5 ноября 1939 г.
251##$cДокумент
300##$aПодлинник. Резолюция - автограф И. В. Сталина
461#0$12001
$aФ. 84
$1251
$cФонд
$1852
$j84
462#0$12001
$aОп. 1
$1251
$cОпись
$1852
$j1
462#0$12001
$aД. 136
$vЛ. 148-150
$1251
$cДело
$1852
$j136
600#1$2prlib_sh
$3LIBNET\UAF\0000091171
$aСталин
$bИ. В.
$gИосиф Виссарионович
$f1879-1953
$xАвтографы
605##$2prlib_sh
$3LIBNET\UAF\0000088514
$aВторая мировая война в архивных документах (Комплекс оцифрованных архивных документов, кино- и фотоматериалов)
$lколлекция
617##$aСССР
$f1939
$2prlib_sh
686##$a63.3(2)621-35ю11
$vLBC/M
$2rubbk
801#0$aRU
$bПБ им. Б.Н. Ельцина
$c20210810
801#1$aRU
$bПБ им. Б.Н. Ельцина
$c20210810
$2rusmarc
801#2$aRU
$bПБ им. Б.Н. Ельцина
$c20210810
$2rusmarc
850##$aРоссийский государственный архив социально-политической истории
852##$aРГАСПИ
$jЛ. 148-150
035##$aLIBNET\0001174861
937##$d167092163
$hФедеральное архивное агентство
8564#$uhttp://readingroom.main.prlib.ru/item.aspx?id_node=n167092163&mode=full
Формат отображения